Top 10 des films français les plus vus de l'histoire(2024) - Statistiques

Statistiques générales
  • Ce quiz a été pris 56 fois
  • Le résultat moyen est 4 sur 10
Statistiques - réponses
Hint Réponse % Correct
20,5 M entrées Bienvenue chez les Ch'tis
71%
19,4 M entrées Intouchables
69%
17,3 M entrées La Grande Vadrouille
58%
12,4 M entrées Qu'est-ce qu'on a fait au Bon Dieu ?
42%
13,8 M entrées Les Visiteurs
31%
10,9 M entrées Les Bronzés font du ski
25%
14,5 M entrées Astérix et Obélix : Mission Cléopâtre
21%
9,2 M entrées Le Dîner de cons
21%
9,1 M entrées Le Grand Bleu
21%
8,9 M entrées Amélie Poulain
2%
Aucun quiz correspondant
Distribution des résultats
% des personnes avec chaque résultat
Percentile par nombre de réponses
Votre historique - résultats
Vous n’avez pas pris ce quiz